|
|
|
|
| LEADER |
00000cam a2200000 7i4500 |
| 001 |
0000001739 |
| 005 |
20011109.0 |
| 090 |
0 |
0 |
|a FAO 333.75
|b AVA 1986
|
| 245 |
0 |
0 |
|a AVAILABILITY and utilization of industrial wood
|
| 260 |
0 |
0 |
|a Bangkok :
|b Food and Agriculture Organization of the United Nations ,
|c 1986
|
| 300 |
|
|
|a iv, 153 p. ;
|c 30 cm.
|
| 500 |
0 |
0 |
|a Includes bibliographies
|
| 650 |
0 |
0 |
|a Forest products
|x Congresses
|
| 650 |
0 |
0 |
|a Forests and forestry
|x Economic aspects
|x Congresses
|
| 710 |
1 |
1 |
|a Food and Agriculture Organization of the United Nations (FAO)
|
| 745 |
0 |
0 |
|a Special study on forest management, afforestation and utilization of forest resources in the developing regions
|
| 998 |
|
|
|a JPSM
|
| 999 |
|
|
|a 0000002778
|b Monograph
|c Food and Agriculture Organization
|e Default branch
|